[Event "Gran Canaria Cabildo op"]
[Site "Gran Canaria"]
[Date "2019.04.02"]
[Round "7"]
[White "Diaz Medina, Angelo"]
[Black "Kleine, Peter"]
[Result "0-1"]
[WhiteElo "1580"]
[BlackElo "1581"]
[PlyCount "60"]
[EventDate "2019.03.12"]
[EventType "swiss"]
[EventRounds "7"]
[EventCountry "ESP"]
[SourceTitle "CBM 189 Extra"]
[Source "ChessBase"]
[SourceDate "2019.06.03"]
[SourceVersion "1"]
[SourceVersionDate "2019.06.03"]
[SourceQuality "1"]

1. e4 e5 2. Nf3 Nf6 3. Nxe5 d6 4. Nf3 Nxe4 5. Nc3 Nf6 6. Bc4 d5 7. Bb3 Bg4 8. h3 Bh5 9. g4 Bg6 10. Ne5 c6 11. Qe2 Be7 12. d4 0-0 13. f4 Be4 14. Nxe4 Nxe4 15. Rg1 Bh4+ 16. Kd1 Bf2 17. Rg2 Bxd4 18. Nf3 Re8 19. Qf1 Bb6 20. c3 Na6 21. Kc2 Nac5 22. Be3 a5 23. Bxc5 Nxc5 24. a3 Nxb3 25. Kxb3 d4 26. cxd4 Re3+ 27. Kc2 Qd5 28. Nd2 Bxd4 29. Nc4 Qe4+ 30. Kd1 Rxh3 0-1

[Event "Liga Insular Gran Canaria 1a"]
[Site "Las Palmas"]
[Date "2019.03.23"]
[Round "4.4"]
[White "Sanchez Santamaria, Raul"]
[Black "Diaz Medina, Angelo"]
[Result "1/2-1/2"]
[WhiteElo "1224"]
[BlackElo "1580"]
[PlyCount "95"]
[EventDate "2019.03.02"]
[EventType "team-tourn"]
[EventRounds "7"]
[EventCountry "ESP"]
[SourceTitle "EXT 2021"]
[Source "ChessBase"]
[SourceDate "2020.10.23"]
[SourceVersion "1"]
[SourceVersionDate "2020.10.23"]
[SourceQuality "1"]
[WhiteTeam "Hotel Avda de Canarias III"]
[BlackTeam "Fundacion La Caja de Canarias II"]
[WhiteTeamCountry "ESP"]
[BlackTeamCountry "ESP"]

1. e4 c6 2. d4 d5 3. Nc3 dxe4 4. Nxe4 Bf5 5. Ng3 Bg6 6. Nf3 Nd7 7. Bf4 Ngf6 8. Bc4 e6 9. Ne5 Nxe5 10. Bxe5 Bd6 11. Bb3 Bxe5 12. dxe5 Qa5+ 13. c3 Qxe5+ 14. Qe2 Qxe2+ 15. Nxe2 Nd5 16. 0-0-0 Bh5 17. Bxd5 Bxe2 18. Rd2 cxd5 19. Rxe2 Ke7 20. Rhe1 Rhc8 21. Kb1 b5 22. f4 a5 23. f5 Rc6 24. Rd1 Kf8 25. Rf2 exf5 26. Rxf5 b4 27. cxb4 axb4 28. Rfxd5 Rca6 29. Rd8+ Rxd8 30. Rxd8+ Ke7 31. Rb8 Rg6 32. Rb7+ Kd6 33. Rb6+ Kc5 34. Rxg6 hxg6 35. Kc2 f5 36. Kd3 g5 37. Ke3 Kc4 38. g3 g6 39. h3 Kc5 40. h4 gxh4 41. gxh4 Kc4 42. Kf4 Kd3 43. Kg5 Kc2 44. a4 bxa3 45. bxa3 Kb3 46. h5 gxh5 47. Kxf5 Kxa3 48. Kg5 1/2-1/2

[Event "Gran Canaria Cabildo op"]
[Site "Gran Canaria"]
[Date "2019.03.12"]
[Round "1"]
[White "Diaz Medina, Angelo"]
[Black "Amador Garcia, Ismael"]
[Result "0-1"]
[WhiteElo "1580"]
[BlackElo "2032"]
[PlyCount "34"]
[EventDate "2019.03.12"]
[EventType "swiss"]
[EventRounds "7"]
[EventCountry "ESP"]
[SourceTitle "CBM 189 Extra"]
[Source "ChessBase"]
[SourceDate "2019.06.03"]
[SourceVersion "1"]
[SourceVersionDate "2019.06.03"]
[SourceQuality "1"]

1. e4 c5 2. Nf3 d6 3. d3 Nc6 4. g3 g6 5. Bg2 Bg7 6. 0-0 Nf6 7. Nbd2 0-0 8. Re1 Rb8 9. h3 b5 10. Nh4 Qc7 11. f4 Nd7 12. Nf1 c4 13. c3 cxd3 14. Qxd3 Nc5 15. Qe2 b4 16. Ne3 bxc3 17. Nd5 Qa5 0-1

[Event "Lanzarote op 2nd"]
[Site "Arrecife de Lanzarote"]
[Date "2018.06.26"]
[Round "4.15"]
[White "Rionda Medio, Angel Arturo"]
[Black "Diaz Medina, Angelo"]
[Result "1-0"]
[WhiteElo "1953"]
[BlackElo "1589"]
[PlyCount "85"]
[EventDate "2018.06.25"]
[EventType "swiss"]
[EventRounds "9"]
[EventCountry "ESP"]
[SourceTitle "EXT 2024"]
[Source "ChessBase"]
[SourceDate "2023.10.10"]
[SourceVersion "1"]
[SourceVersionDate "2023.10.10"]
[SourceQuality "1"]

1. e4 e6 2. d4 b6 3. Nf3 Bb7 4. Bd3 d6 5. Be3 Nf6 6. Nbd2 Be7 7. Qe2 Nbd7 8. h3 c5 9. c3 d5 10. e5 Ne4 11. c4 0-0 12. cxd5 exd5 13. 0-0 c4 14. Bc2 b5 15. Nxe4 dxe4 16. Nd2 f5 17. f4 Nb6 18. Rad1 Nd5 19. Nb1 Nxe3 20. Qxe3 b4 21. Nd2 Rc8 22. b3 c3 23. Nc4 Ba6 24. Rf2 Kh8 25. g4 g6 26. Kh1 Bxc4 27. bxc4 Rxc4 28. gxf5 gxf5 29. Rg2 Rc6 30. d5 Bc5 31. Qe2 Rg6 32. Rxg6 hxg6 33. Qe1 g5 34. Qg3 Rg8 35. d6 Bb6 36. Bb3 gxf4 37. Qxf4 Qg5 38. Qxg5 Rxg5 39. e6 Rg8 40. e7 Re8 41. Bf7 e3 42. Bxe8 c2 43. Ba4 1-0

[Event "Lanzarote op"]
[Site "Lanzarote"]
[Date "2018.06.25"]
[Round "1"]
[White "Garcia Blanco, Omar"]
[Black "Diaz Medina, Angelo"]
[Result "1/2-1/2"]
[WhiteElo "2326"]
[BlackElo "1589"]
[PlyCount "112"]
[EventDate "2018.06.25"]
[EventType "swiss"]
[EventRounds "9"]
[EventCountry "ESP"]
[SourceTitle "CBM 185 Extra"]
[Source "ChessBase"]
[SourceDate "2018.07.29"]
[SourceVersion "1"]
[SourceVersionDate "2018.07.29"]
[SourceQuality "1"]

1. e4 e6 2. d4 b6 3. Nd2 Bb7 4. Ngf3 Nf6 5. Bd3 d6 6. 0-0 Be7 7. Re1 0-0 8. c3 Nbd7 9. h3 c5 10. a3 cxd4 11. cxd4 e5 12. d5 Nc5 13. Bf1 a5 14. b3 Ba6 15. b4 Bxf1 16. bxc5 Ba6 17. c6 Ne8 18. Qc2 Qc8 19. Nc4 Bxc4 20. Qxc4 f5 21. Be3 Rb8 22. Rab1 Bd8 23. Nxe5 b5 24. Nd7 bxc4 25. Rxb8 Qc7 26. Rb7 Qc8 27. Rb8 Qxb8 28. Nxb8 Nc7 29. Nd7 Re8 30. Bb6 Rxe4 31. Rxe4 fxe4 32. Bxa5 Kf7 33. Nb8 Ke7 34. Bc3 Nxd5 35. Bxg7 c3 36. Na6 c2 37. Bb2 Ba5 38. Bc1 Nc3 39. Bg5+ Ke8 40. Kf1 Na2 41. f3 exf3 42. gxf3 c1Q+ 43. Bxc1 Nxc1 44. f4 Nd3 45. f5 Ne5 46. c7 Kd7 47. Ke2 Bxc7 48. Nb4 Nc6 49. Nd5 Bd8 50. Kd3 Ne5+ 51. Ke4 Bg5 52. a4 Nc6 53. Nb6+ Ke7 54. Nc8+ Kd7 55. Nb6+ Kc7 56. Nd5+ Kd7 1/2-1/2

[Event "Las Palmas Montalvo Memorial 11th"]
[Site "Las Palmas"]
[Date "2018.03.30"]
[Round "8"]
[White "Diez Asensio, Jesus"]
[Black "Diaz Medina, Angelo"]
[Result "0-1"]
[WhiteElo "1843"]
[BlackElo "1389"]
[PlyCount "70"]
[EventDate "2018.03.24"]
[EventType "swiss"]
[EventRounds "9"]
[EventCountry "ESP"]
[SourceTitle "CBM 183 Extra"]
[Source "ChessBase"]
[SourceDate "2018.04.19"]
[SourceVersion "1"]
[SourceVersionDate "2018.04.19"]
[SourceQuality "1"]

1. d4 d5 2. Nf3 Nf6 3. c4 c6 4. Qc2 e6 5. g3 Nbd7 6. Bg2 Bd6 7. 0-0 0-0 8. Nbd2 dxc4 9. Nxc4 Bc7 10. e4 Nb6 11. Nce5 Qe7 12. Be3 Bd7 13. Rad1 Rfd8 14. Rfe1 Rac8 15. a4 Be8 16. Ng5 h6 17. Ngf3 Nbd7 18. Nc4 Nh7 19. Qb3 Nb6 20. Nce5 c5 21. Qa3 f6 22. Nd3 Nc4 23. Qxc5 Bd6 24. Qxa7 Ra8 25. Qxa8 Rxa8 26. b3 Nxe3 27. fxe3 Rc8 28. Nb2 Rc2 29. Nc4 Bb4 30. Rf1 Rc3 31. Nfd2 Ng5 32. h4 Nf7 33. Rc1 Rxc1 34. Rxc1 Nd6 35. Nxd6 Bxd2 0-1

[Event "Las Palmas Insular-chT Segunda 1718"]
[Site "Las Palmas"]
[Date "2018.02.24"]
[Round "8.2"]
[White "Rodriguez Brito, Guillermo A"]
[Black "Diaz Medina, Angelo"]
[Result "0-1"]
[WhiteElo "1386"]
[BlackElo "1404"]
[PlyCount "76"]
[EventDate "2017.10.28"]
[EventType "team-swiss"]
[EventRounds "9"]
[EventCountry "ESP"]
[SourceTitle "EXT 2021"]
[Source "ChessBase"]
[SourceDate "2020.10.23"]
[SourceVersion "1"]
[SourceVersionDate "2020.10.23"]
[SourceQuality "1"]
[WhiteTeam "Tres W II"]
[BlackTeam "Sociedad La Montana IV"]
[WhiteTeamCountry "ESP"]
[BlackTeamCountry "ESP"]

1. d4 d5 2. Nf3 Nf6 3. Nbd2 e6 4. c4 c6 5. b3 b6 6. cxd5 Nxd5 7. Qc2 Bb7 8. g3 Be7 9. a3 0-0 10. Bb2 Nd7 11. Bg2 Rc8 12. e4 N5f6 13. Ng5 h6 14. e5 hxg5 15. exf6 Nxf6 16. 0-0 Qd7 17. Nf3 Nd5 18. h4 gxh4 19. gxh4 Nf4 20. Qe4 Nxg2 21. Kxg2 c5 22. Qg4 Bf6 23. Rad1 Rfd8 24. Kg1 Bxf3 25. Qxf3 cxd4 26. h5 Qd5 27. Kg2 Qxf3+ 28. Kxf3 Rc2 29. Rb1 Rd5 30. h6 gxh6 31. Rg1+ Kh7 32. Rh1 Rf5+ 33. Kg3 Be5+ 34. Kg4 Rcxf2 35. Bc1 Rg2+ 36. Kh3 Rg6 37. Kh4 Bf6+ 38. Bg5 Bxg5+ 0-1

[Event "Gran Canaria Fiestas Dolores 2nd"]
[Site "Gran Canaria"]
[Date "2017.09.12"]
[Round "4"]
[White "Moreno Diepa, Diego"]
[Black "Diaz Medina, Angelo"]
[Result "1-0"]
[WhiteElo "1195"]
[BlackElo "1476"]
[PlyCount "69"]
[EventDate "2017.09.04"]
[EventType "swiss"]
[EventRounds "6"]
[EventCountry "ESP"]
[SourceTitle "CBM 180 Extra"]
[Source "ChessBase"]
[SourceDate "2017.10.06"]
[SourceVersion "1"]
[SourceVersionDate "2017.10.06"]
[SourceQuality "1"]

1. e4 e5 2. Nf3 Nc6 3. Bc4 Bc5 4. 0-0 Nf6 5. Nc3 0-0 6. b3 d6 7. Bb2 Bg4 8. Be2 h6 9. Ne1 Bxe2 10. Qxe2 Nd4 11. Qd1 g5 12. Nd3 Kh8 13. Nxc5 dxc5 14. d3 Rg8 15. Ne2 g4 16. Ng3 Nd7 17. Bxd4 cxd4 18. Nf5 Qg5 19. Qc1 h5 20. Nh6 Qxc1 21. Raxc1 Rg7 22. f4 Kh7 23. Nf5 Rg6 24. fxe5 Nxe5 25. Nxd4 g3 26. h3 Rf8 27. Rf5 Nd7 28. Rxh5+ Rh6 29. Rxh6+ Kxh6 30. Nf5+ Kg5 31. Nxg3 Kf4 32. Nf5 Rg8 33. Rf1+ Ke5 34. Nh6 Rg7 35. Rxf7 1-0

[Event "ESP-ch U10"]
[Site "Salobrena Granada"]
[Date "2017.07.07"]
[Round "8"]
[White "Diaz Medina, Angelo"]
[Black "Herranz Suarez, David"]
[Result "1-0"]
[WhiteElo "1413"]
[BlackElo "1486"]
[PlyCount "57"]
[EventDate "2017.07.03"]
[EventType "swiss"]
[EventRounds "9"]
[EventCountry "ESP"]
[SourceTitle "EXT 2024"]
[Source "ChessBase"]
[SourceDate "2023.10.10"]
[SourceVersion "1"]
[SourceVersionDate "2023.10.10"]
[SourceQuality "1"]

1. e4 c5 2. d4 cxd4 3. c3 dxc3 4. Nxc3 e5 5. Nf3 Nc6 6. Bc4 Bc5 7. Qd5 Qe7 8. Ng5 Nh6 9. 0-0 d6 10. Rd1 0-0 11. Nb5 Rd8 12. Nf3 Be6 13. Qd3 Bxc4 14. Qxc4 Rac8 15. Bg5 Qf8 16. Bxd8 Nxd8 17. Qd3 Ng4 18. Rd2 Rc6 19. Rc1 a6 20. Nc3 Ne6 21. Rdc2 Nf4 22. Qd1 g6 23. Nd5 Ne6 24. h3 Nh6 25. b4 Ba7 26. Rxc6 bxc6 27. Rxc6 f5 28. exf5 Qxf5 29. Ne7+ 1-0

[Event "Arrecife de Lanzarote op"]
[Site "Arrecife de Lanzarote"]
[Date "2017.06.14"]
[Round "6"]
[White "Diaz Medina, Angelo"]
[Black "Badiola Morera, Gorka"]
[Result "0-1"]
[WhiteElo "1378"]
[BlackElo "1735"]
[PlyCount "132"]
[EventDate "2017.06.11"]
[EventType "swiss"]
[EventRounds "9"]
[EventCountry "ESP"]
[SourceTitle "EXT 2019"]
[Source "ChessBase"]
[SourceDate "2018.10.10"]
[SourceVersion "1"]
[SourceVersionDate "2018.10.10"]
[SourceQuality "1"]

1. e4 e5 2. Nf3 Nc6 3. d4 exd4 4. Nxd4 Qh4 5. Nc3 Bc5 6. Be3 Bb4 7. Bd3 Nge7 8. a3 Bxc3+ 9. bxc3 Ne5 10. Nf3 Qf6 11. Nxe5 Qxe5 12. Bd4 Qg5 13. Qf3 f6 14. Be3 Qa5 15. Bd4 Nc6 16. Qe3 Nxd4 17. Qxd4 Qe5 18. Qxe5+ fxe5 19. 0-0 d6 20. f4 Rf8 21. fxe5 dxe5 22. Rxf8+ Kxf8 23. Rf1+ Ke7 24. Bc4 Be6 25. Bb3 Rd8 26. g3 c5 27. Bxe6 Kxe6 28. Rf2 Rd6 29. Rf3 Rd1+ 30. Rf1 Rd6 31. Rf3 Ra6 32. c4 Ra4 33. Rc3 a6 34. Kf2 Kd6 35. Ke3 b5 36. cxb5 axb5 37. Kd3 c4+ 38. Ke3 Kc5 39. h3 g6 40. g4 g5 41. Kf3 Kd4 42. Re3 Ra6 43. c3+ Kc5 44. Re2 Rxa3 45. Rc2 b4 46. Ke2 Rxc3 47. Rd2 Rd3 48. Rxd3 cxd3+ 49. Kxd3 b3 50. Kc3 b2 51. Kxb2 Kd4 52. Kc2 Kxe4 53. Kd2 Kf3 54. Kd3 e4+ 55. Kd2 Kf2 56. Kd1 e3 57. Kc2 e2 58. Kc3 e1Q+ 59. Kd3 Qb4 60. Kc2 Qa3 61. Kd2 Qe3+ 62. Kc2 Ke2 63. Kb2 Kd2 64. Kb1 Qc3 65. Ka2 Kc2 66. h4 Qb2# 0-1

[Event "Arrecife de Lanzarote op"]
[Site "Arrecife de Lanzarote"]
[Date "2017.06.11"]
[Round "1"]
[White "Diaz Medina, Angelo"]
[Black "Diaz Suarez, Hugo"]
[Result "0-1"]
[WhiteElo "1378"]
[BlackElo "2077"]
[PlyCount "58"]
[EventDate "2017.06.11"]
[EventType "swiss"]
[EventRounds "9"]
[EventCountry "ESP"]
[SourceTitle "EXT 2019"]
[Source "ChessBase"]
[SourceDate "2018.10.10"]
[SourceVersion "1"]
[SourceVersionDate "2018.10.10"]
[SourceQuality "1"]

1. e4 c6 2. d4 d5 3. Nc3 dxe4 4. Nxe4 Nf6 5. Ng3 h5 6. h4 Bg4 7. Nf3 e6 8. Be2 Bd6 9. c4 Qc7 10. Be3 Nbd7 11. c5 Bxg3 12. fxg3 Qxg3+ 13. Bf2 Qf4 14. Qd2 Qxd2+ 15. Kxd2 Ne4+ 16. Ke1 Ndf6 17. Be3 Nd5 18. Bf2 Nf4 19. g3 Bxf3 20. Bxf3 Nd3+ 21. Ke2 Ndxf2 22. Bxe4 Nxe4 23. Kf3 f5 24. Kf4 0-0-0 25. Ke5 Rd5+ 26. Kxe6 Rf8 27. Rhf1 Kd8 28. Rxf5 Rdxf5 29. Rf1 R8f6# 0-1

[Event "Gran Canaria Galdos op 2nd"]
[Site "Gran Canaria"]
[Date "2017.05.09"]
[Round "5"]
[White "Moreno Diepa, Diego"]
[Black "Diaz Medina, Angelo"]
[Result "1-0"]
[WhiteElo "1205"]
[BlackElo "1402"]
[PlyCount "153"]
[EventDate "2017.05.03"]
[EventType "swiss"]
[EventRounds "5"]
[EventCountry "ESP"]
[SourceTitle "CBM 178 Extra"]
[Source "ChessBase"]
[SourceDate "2017.06.22"]
[SourceVersion "1"]
[SourceVersionDate "2017.06.22"]
[SourceQuality "1"]

1. e4 e5 2. Nf3 Nc6 3. d4 exd4 4. Nxd4 Nf6 5. Nc3 Bc5 6. Nb3 Bb6 7. Bd3 Ne5 8. 0-0 d6 9. Bg5 h6 10. Bh4 g5 11. Bg3 Ng6 12. Nd5 h5 13. h3 g4 14. Kh1 gxh3 15. gxh3 Bxh3 16. Re1 Ng4 17. Nxb6 axb6 18. Qf3 Qg5 19. Qf5 Qe7 20. Bf1 Bxf1 21. Rxf1 Nh4 22. Qb5+ c6 23. Qxb6 Qxe4+ 24. f3 Nxf3 25. Kg2 Ne3+ 26. Kf2 Nxf1 27. Rxf1 Ke7 28. Qxb7+ Ke6 29. Qc7 Ne5 30. Re1 Qxc2+ 31. Kf1 Qd3+ 32. Re2 Qxg3 33. Qxc6 Qf4+ 34. Ke1 Qg3+ 35. Kd1 Qd3+ 36. Ke1 Qg3+ 37. Kf1 Rad8 38. Nd4+ Kf6 39. Qd5 Rhg8 40. Rf2+ Kg7 41. Nf5+ Kh7 42. Nxg3 Rxg3 43. Qh1 Kh6 44. Qh4 Rdg8 45. Qf6+ R3g6 46. Qf4+ Rg5 47. Rg2 Ng4 48. Rd2 Ne5 49. Rg2 Nd3 50. Qd2 Ne5 51. Rxg5 Rxg5 52. Qxd6+ Ng6 53. Qd2 h4 54. a4 Ne5 55. a5 Nc4 56. Qh2 Kh5 57. Qe2+ Rg4 58. a6 Nb6 59. Qb5+ Rg5 60. Qxb6 h3 61. a7 Rg8 62. Qb7 Kg4 63. a8Q Rxa8 64. Qxa8 f5 65. b4 f4 66. b5 f3 67. Kf2 h2 68. Qxf3+ Kg5 69. b6 h1Q 70. Qxh1 Kf6 71. b7 Ke5 72. b8R Ke6 73. Qe4+ Kd6 74. Rd8+ Kc7 75. Rd1 Kc8 76. Qe7 Kb8 77. Rd8# 1-0

[Event "Las Palmas Insular-chT Segunda-A 1617"]
[Site "Las Palmas"]
[Date "2017.01.21"]
[Round "9.4"]
[White "Castillo Lorenzo, Fernando"]
[Black "Diaz Medina, Angelo"]
[Result "0-1"]
[WhiteElo "1713"]
[BlackElo "1401"]
[PlyCount "84"]
[EventDate "2016.10.22"]
[EventType "team-tourn"]
[EventRounds "14"]
[EventCountry "ESP"]
[SourceTitle "EXT 2018"]
[Source "ChessBase"]
[SourceDate "2017.10.13"]
[SourceVersion "1"]
[SourceVersionDate "2017.10.13"]
[SourceQuality "1"]
[WhiteTeam "San Mateo Servitel"]
[BlackTeam "Sociedad La Montana Juvenil"]
[WhiteTeamCountry "ESP"]
[BlackTeamCountry "ESP"]

1. d4 d5 2. c4 c6 3. Nf3 Nf6 4. Nc3 dxc4 5. e4 b5 6. Be2 Bg4 7. 0-0 e6 8. a3 Be7 9. Be3 0-0 10. Qc2 Nbd7 11. Rfe1 a6 12. Rad1 Qc7 13. Qc1 h6 14. Ne5 Nxe5 15. dxe5 Qxe5 16. Bf4 Qc5 17. e5 Bxe2 18. Rxe2 Nd5 19. Nxd5 cxd5 20. Be3 Qc7 21. Bxh6 f6 22. exf6 Rxf6 23. Bg5 Rf5 24. Bxe7 Qxe7 25. Qc2 Raf8 26. Rde1 e5 27. Qc3 Re8 28. Qc2 Qe6 29. h3 e4 30. Qc3 Qe5 31. Qxe5 Rfxe5 32. Rd1 Rd8 33. Rd4 Kf7 34. Re3 Ke6 35. Kf1 Kd6 36. Rd2 Kc5 37. Rg3 Rd7 38. b4+ Kc6 39. Rg6+ Kb7 40. Rg3 d4 41. Ke1 d3 42. Re3 c3 0-1

[Event "Las Palmas Insular-chT Segunda-A 1617"]
[Site "Las Palmas"]
[Date "2016.11.12"]
[Round "4.4"]
[White "Acosta Quintana, Jose Antonio"]
[Black "Diaz Medina, Angelo"]
[Result "1-0"]
[WhiteElo "1685"]
[BlackElo "1401"]
[PlyCount "61"]
[EventDate "2016.10.22"]
[EventType "team-tourn"]
[EventRounds "14"]
[EventCountry "ESP"]
[SourceTitle "EXT 2018"]
[Source "ChessBase"]
[SourceDate "2017.10.13"]
[SourceVersion "1"]
[SourceVersionDate "2017.10.13"]
[SourceQuality "1"]
[WhiteTeam "Villa de Teror IV"]
[BlackTeam "Sociedad La Montana Juvenil"]
[WhiteTeamCountry "ESP"]
[BlackTeamCountry "ESP"]

1. c4 d5 2. d4 c6 3. Nc3 Nf6 4. Nf3 dxc4 5. a4 Be6 6. e4 b5 7. axb5 cxb5 8. d5 Bd7 9. e5 Ng4 10. h3 Nh6 11. Nd4 Qb6 12. Be3 Qb7 13. Be2 Na6 14. Bf3 Nc5 15. 0-0 g6 16. e6 Bc8 17. d6 Qb6 18. d7+ Bxd7 19. exd7+ Nxd7 20. Ndxb5 Qb8 21. Nd5 Bg7 22. Ndc7+ Kf8 23. Bxa8 Ne5 24. Bxa7 Qc8 25. Bd5 Bf6 26. Be3 Kg7 27. Ra8 Qf5 28. Rxh8 Kxh8 29. Bxh6 Nd3 30. Bxc4 Nxb2 31. Qd8# 1-0